| 000 | 00617nam a2200217 i 4500 | ||
|---|---|---|---|
| 003 | OSt | ||
| 005 | 20150212160929.0 | ||
| 008 | 890327s1987 sp spa | ||
| 020 | _a84-7639-064-5 | ||
| 040 | _cBMC | ||
| 082 | _a813.5 | ||
| 100 | 1 |
_aTaylor, Peter Hillsman _d1917-1994 _929666 |
|
| 245 | 1 | 4 |
_aUna mujer de recursos _cPeter Taylor ; traducción de David Palmer |
| 250 | _a1ª ed | ||
| 260 | 1 |
_aBarcelona _bMontesinos _c1987 |
|
| 300 |
_a144 p. _c20 cm |
||
| 595 | _aTraducción de: A woman of means | ||
| 650 | 2 | 4 |
_917595 _aNovela norteamericana |
| 700 | 1 |
_aPalmer, David _929667 |
|
| 942 |
_2ddc _cBK |
||
| 999 |
_c16829 _d16829 |
||